000 00451nam a2200145Ia 4500
003 OSt
005 20260114162247.0
008 211028s2012 xx 000 0 und d
040 _cAIMIT LIBRARY
041 _aeng
100 _aJohn, Derin K; Wright, Rowena.
_g1016049
_96922
245 _aEffective use of savingsby generating adequate income at bonanza portfolio limited Mangalore /
260 _aMangalore
_bWright, Rowena
_c2012
942 _2ddc
_cPRO
999 _c218492
_d218492